000 01096nam a2200325 a 4500
001 58390
003 BD-RJUL
005 20211209080620.0
008 161218s1977 ne b 100 0 eng
020 _a0720407095
035 _aBD-RJUL 58514
035 _a(OCoLC)02813550
035 _aGLIS00033894
040 _aDLC
_cDLC
_dMYG
_beng
041 _aeng
082 _223
_a339.5
_bSTA 1977
099 _aHB3730.S72
245 0 0 _aStabilization of the domestic and international economy /
_ceditors, Karl Brunner, Allan H. Meltzer.
260 _aAmsterdam ;
_aNew York :
_bNorth-Holland Pub. Co.,
_c1977.
300 _aviii, 318 p. :
_bill. ;
_c24 cm.
490 1 _aCarnegie-Rochester conference series on public policy ;
_vv. 5
504 _aIncludes bibliographies.
650 0 _aEconomic stabilization
_9172747
650 0 _aIndexation (Economics)
_9173421
700 1 _aBrunner, Karl,
_d1916-1989.
_9173422
700 1 _aMeltzer, Allan H.
_9173423
830 0 _aCarnegie-Rochester conference series on public policy ;
_vv. 5.
_9173425
942 _2ddc
_cBK
999 _c58390
_d58390